000 00324nam a22001457a 4500
008 210309b ||||| |||| 00| 0 eng d
020 _a9781337040778
041 _aeng
080 _a159.9
082 _2159.9
100 _a48
101 _aPSI
245 _aIntroduction to Psychology
_cJames W. Kalat
942 _2udc
_cBK
999 _c56054
_d56054